Dohody o výrobnom podieľníctve v medzinárodnom podnikaní (production sharing contracts) diplomová práca

Saved in:
Bibliographic Details
Main Author: Hlinková, Zuzana
Corporate Author: Obchodná fakulta EU. Katedra medzinárodného obchodu
Other Authors: Svobodová, Valéria
Format: Book
Language:Slovak
Published: Bratislava 2008
Tags: Add Tag
No Tags, Be the first to tag this record!

MARC

LEADER 00000nam$a2200000$$$4500
001 0085804
005 20240201115022.1
041 0 |a slo 
044 |a SK 
245 1 0 |a Dohody o výrobnom podieľníctve v medzinárodnom podnikaní (production sharing contracts)  |b diplomová práca  |c Zuzana Hlinková ; škol. Valéria Svobodová 
264 1 |a Bratislava  |c 2008 
300 |a 85 s. 
100 1 |a Hlinková, Zuzana 
700 1 |a Svobodová, Valéria 
710 2 |a Obchodná fakulta EU. Katedra medzinárodného obchodu